000 00816nam a2200301Ia 4500
001 41477
003 IT-RoPAU
008 130308s9999 xx 000 0 und d
040 _aIT-RoPAU
040 _cIT-RoPAU
041 _aFRANCESE
100 _aPenchenat Jean-Claude
100 _gCodice Aut. SPICS: 18213
245 _aExperience du Bal (L')
245 _bEconomie Du Spectacle vivant et l'audiovisuel (L')-Nice 1984
250 _a1a ed.
260 _aPARIS
260 _bDocumentation Francaise
260 _c1985 [1° Ed.:1985 - Ed.Ling.Originale:1984]
300 _a"4 p. (prefazione: no ; testo: 4 [pagine: 275-278])"
500 _aEsperienza del Bal
650 _aSAGGI DI TEATRO
650 _eCodice materia Spics: 8411
942 _cBK
957 _71
999 _c62652
_d62652
999 _bSI
999 _g1